000
00205 a2200097 4500
001
13917
100
_a
Allbeury T
245
_a
Palomino Blonde
260
_a
London
_b
Peter Davies
_c
090
_c
10885
_d
10885
942
_a
NUST-CAE
_c
M
_c
986
999
_c
248990
_d
248990